Koottuvazhi/ (Record no. 181584)

000 -LEADER
fixed length control field 00391nam a2200157 4500
020 ## - INTERNATIONAL STANDARD BOOK NUMBER
ISBN 9788176903707
082 ## - DEWEY DECIMAL CLASSIFICATION NUMBER
Classification number M080 007
Item number RAJ/K
100 ## - MAIN ENTRY--AUTHOR NAME
Personal name Rajan K
245 ## - TITLE STATEMENT
Title Koottuvazhi/
Statement of responsibility, etc by Rajan K
260 ## - PUBLICATION, DISTRIBUTION, ETC. (IMPRINT)
Place of publication Thrissur:
Name of publisher Kerala Sahitya Academy,
Year of publication 2017.
300 ## - PHYSICAL DESCRIPTION
Number of Pages 126p.
650 ## - SUBJECT ADDED ENTRY--TOPICAL TERM
Topical Term Literature Malayalam Study
650 ## - SUBJECT ADDED ENTRY--TOPICAL TERM
Topical Term Literature Malayalam
650 ## - SUBJECT ADDED ENTRY--TOPICAL TERM
Topical Term Literature
942 ## - ADDED ENTRY ELEMENTS (KOHA)
Koha item type Book
Holdings
Withdrawn status Lost status Damaged status Not for loan Permanent Location Current Location Shelving location Date acquired Cost, normal purchase price Full call number Accession Number Price effective from Koha item type
        Sree Sankaracharya University of Sanskrit Sree Sankaracharya University of Sanskrit Stacks 18.05.2026 100.00 M080 007 RAJ/K 108568 18.05.2026 Book